MDQL
is popping MORE tags! Check the
thread
!
Quizzes
Events
Quiz Creation
Community
Videos
Private Events
Remove Ads
Sign In
Join for FREE
Feedback
Dark Mode
Quiz Categories
Sports
Geography
Music
Movies
Television
Just For Fun
Miscellaneous
History
Literature
Language
Science
Gaming
Entertainment
Religion
Holiday
For Kids
Quiz Lab
Recent
Popular Today
Quiz Kudos Today
Editor Picks
Curator Picks
Quizzes by...
Day
Popularity
Type
Ratings
Length
Year
Community
Subscriptions
Recent Discussions
Orange Saloon
Badges
Playlists
Quests
Create
Leaderboards
Showdown
Live 5
Trivia Bingo
Activity
Puzzle Library
Sporcle Events
Private Events
Virtual Trivia
Globe League
Become a Host
Pub Owners
SporcleCon
Opinionation
Our Games
Videos
Blog
Mobile Apps
Partnerships
Remove Ads and Go Orange
Feedback
Sports
Athletes
MLB
NBA
NHL
NFL
Soccer
Sports Teams
WWE
NCAA
Football
Premier League
Basketball
Baseball
Hockey
Golf
Tennis
Cricket
Rugby
Auto Racing
Olympics
World Cup
Sports
Athletes
MLB
NBA
NHL
NFL
Soccer
Sports Teams
WWE
NCAA
Football
Premier League
Basketball
Baseball
Hockey
Golf
Tennis
Cricket
Rugby
Auto Racing
Olympics
World Cup
Random Quiz
Search Sporcle
×
Quiz Lab
Quiz Lab
Sports
MLB
Type in answers that appear in a list
Type in answers that appear in a list
Classic
Best Score? Go Orange.
MLB 2016 Managers & Coaching Staffs Stats
Can you name the thirty MLB managers and their coaches for 2016?
By
sharkboy
20m
213 Questions
125 Plays
125 Plays
125 Plays
Comments
Comments
Give Quiz Kudos
Give Quiz Kudos
-
- Ratings
hide this ad
Replay
Link that replays current quiz
Next Quiz
Link to next quiz in quiz playlist
You Got
0%
They Got
Avg Score
32%
Avg Friend Score
Upgrade to see
Score Distribution
Jump to the score distribution portion of the page
Score
0/213
Timer
20:00
0
Plays Today
Member
% Correct
John Farrell
88.8%
Joe Maddon
88.8%
Joe Girardi
88%
Bruce Bochy
88%
Terry Francona
87.2%
Dusty Baker
87.2%
Terry Collins
86.4%
Fredi Gonzalez
85.6%
Buck Showalter
85.6%
Robin Ventura
85.6%
Ned Yost
84.8%
Don Mattingly
84.8%
Mike Matheny
84.8%
Clint Hurdle
83.2%
Brad Ausmus
81.6%
Paul Molitor
79.2%
Dave Roberts
76%
Bryan Price
75.2%
Mike Scioscia
75.2%
A.J. Hinch
74.4%
Walt Weiss
73.6%
Matt Williams
72.8%
Bob Melvin
72.8%
John Gibbons
72.8%
Barry Bonds
70.4%
Kevin Cash
70.4%
Craig Counsell
69.6%
Ron Washington
68%
Jeff Banister
68%
Chip Hale
67.2%
DeMarlo Hale
67.2%
Derek Johnson
64.8%
Dane Johnson
64.8%
Brian Snitker
64.4%
Mark McGwire
61.6%
Dave Martinez
60.8%
Gary Jones
60.8%
Andy Green
60.8%
Edgar Martinez
60%
Scott Servais
56.8%
Tony Pena
55.2%
Chili Davis
51.2%
Butch Davis
51.2%
Larry Bowa
48.8%
Mike Maddux
48%
Pete Mackanin
46.4%
Bo Porter
44.8%
Dave Righetti
44.8%
David Bell
44%
Don Cooper
43.2%
Bob Geren
42.4%
Don Long
41.6%
Eric Young
41.6%
Kevin Long
41.6%
Curt Young
41.6%
Sandy Alomar, Jr.
40%
Ron Roenicke
40%
Eddie Perez
39.2%
Dale Sveum
39.2%
Perry Hill
39.2%
Don Wakamatsu
38.4%
Pat Murphy
38.4%
Larry Rothschild
37.6%
Juan Samuel
37.6%
Jose Oquendo
37.6%
Pete Walker
37.6%
Omar Vizquel
36.8%
Terry Pendleton
36%
Rick Renteria
36%
Roberto Kelly
36%
Torey Lovullo
35.2%
Member
% Correct
Ruben Amaro, Jr.
35.2%
Dave Eiland
35.2%
Davey Lopes
35.2%
Brad Mills
34.4%
Brian Butterfield
32.8%
Billy Hatcher
32.8%
Ray Searage
32.8%
Rusty Kuntz
32%
Roger McDowell
31.2%
Chris Bosio
31.2%
Jim Riggleman
31.2%
Gene Lamont
31.2%
John Russell
30.4%
Lenny Harris
30.4%
Manny Acta
30.4%
Mike Butcher
29.6%
Marty Reed
28.9%
Dave Clark
28%
Rick Honeycutt
28%
John Mabry
28%
Luis Rivera
27.2%
Rob Thomson
26.4%
Tim Wallach
25.6%
Steve Henderson
25.6%
Rocco Baldelli
25.6%
Nick Leyva
24.8%
Kevin Seitzer
24%
Dave Wallace
24%
Carl Willis
24%
Trey Hillman
24%
Neil Allen
24%
Stu Cole
23.2%
Spike Owen
22.7%
Wayne Kirby
22.4%
Joe McEwing
22.4%
Wally Joyner
22.4%
Charles Nagy
22.4%
Tom Goodwin
22.4%
Tim Teufel
22.4%
Mark Kotsay
22.4%
Ron Wotus
22.4%
Hensley Meulens
22.4%
Jim Hickey
22.4%
Dave Magadan
21.6%
Turner Ward
21.6%
Dick Scott
21.6%
Ricky Bones
21.6%
Glenn Hoffman
21.6%
Dave McKay
20.8%
Carlos Tosca
20.8%
Daryl Boston
20.8%
Mike Harkey
20.8%
Tom Foley
20.8%
Hector Ortiz
20.8%
Juan Nieves
20%
Darnell Coles
20%
Dan Warthen
20%
Euclides Rojas
20%
Mel Stottlemyre, Jr.
20%
Derek Lilliquist
20%
Dino Ebel
19.2%
Rick Sofield
19.2%
Tim Bogar
19.2%
Mickey Callaway
18.4%
Steve Foster
18.4%
Gary Pettis
18.4%
Bob McClure
18.4%
Joe Espada
17.6%
Jeff Branson
17.6%
Derek Shelton
17.6%
Chris Speier
17.6%
Member
% Correct
Gene Glynn
16.8%
Eddie Guardado
16.8%
Mark Gardner
16.8%
Scott Coolbaugh
16%
Brandon Hyde
16%
Chris Woodward
16%
Dave Jauss
16%
Charlie Montoyo
16%
Tim Leiper
16%
John Mallee
15.2%
Mike Jirschele
15.2%
Gary DiSarcina
15.2%
Mickey Morandini
15.2%
Darren Balsley
15.2%
Bill Hayes
15.2%
Mack Jenkins
14.4%
Rich Dubee
14.4%
Dave Hudgens
14.4%
Doug Henry
14.4%
Alan Cockrell
14.4%
Doug Brocail
14.4%
Brook Jacoby
14.4%
Rick Schu
14.4%
Bobby Dickerson
13.6%
Lester Strode
13.6%
Rich Dauer
13.6%
Brent Strom
13.6%
Ed Sedar
13.6%
Mike Aldrete
13.6%
Mike Hampton
13.6%
Chris Maloney
13.6%
Steve Buechele
13.6%
Glenn Sherlock
12.8%
Todd Steverson
12.8%
Rick Kranitz
12.8%
Dave Hansen
12%
Joe Vavra
12%
Tom Brunansky
12%
Darren Bush
12%
Alan Zinter
12%
Tony Beasley
12%
Mike Sarbaugh
11.2%
Darren Holmes
11.2%
George Lombard
11.2%
Josh Bard
11.2%
Tarrik Brock
11.2%
Doug Bochtler
11.2%
Bobby Thigpen
10.4%
Ty Van Burkleo
10.4%
Tom Runnells
10.4%
Mick Billmeyer
10.4%
Craig Bjornson
10.4%
Carlos Subero
10.4%
Lee Tunnell
10.4%
Scott Emerson
10.4%
Bob Henley
10.4%
Dom Chiti
9.6%
Dana LeVangie
9.6%
Freddie Benavides
9.6%
Blake Doyle
9.6%
Casey Candaele
9.6%
Stan Boroski
9.6%
Garvin Alston
8.8%
Jason Bere
8.8%
Scott Radinsky
8.8%
Reid Cornelius
8.8%
Blaise Ilsley
8.8%
Anthony Iapoce
8.8%
Brad Holman
8%
Mark Riggins
7.2%
Dan Firova
7.2%
Quiz Playlist
Details
Report
Send in Message
Add To Playlist
Classic:
Type in answers that appear in a list
Quiz Source
Last Updated: Feb 16, 2017
Quiz Scoreboard
CHALLENGE
Sign Up to Join the Scoreboard
Show All
Scores
Hide
Comments
May contain spoilers
Recently Published
1-10 Letter E Words III
by El_Dandy
Language
2m
Street Fighter Characters
by Artimus82
Gaming
60s
College Basketball Coaching Resumes
by pancakes188
Sports
9m
More to Explore
Quiz From the Vault
Featured Blog Post
Where Did the Easter Bunny Come From?
hide this ad
You Might Also Like...
Tags
MLB Quiz
2016
coach
Manager
Today's Top Quizzes in Sports
Browse Sports
hide this ad
Today's Top Quizzes in MLB
Browse MLB
Top Contributed Quizzes in Sports
1
2022 World Cup Stars
2
Les meilleurs buteurs des matchs entre le PSG et l’OM
3
FIFA Club World Cup Champions
4
Les entraîneurs de l'OM et du PSG au 21e siècle
5
Criteria MLB: Left Handed Sluggers
6
2023 MLB Unique Player Accomplishments
7
AFC Teams Reveal (Wrong Answers Minefield)
8
Players with Multiple 50 Home Run Seasons
9
5-to-1: FBS Animal Nicknames
10
5-to-1: UK Sports Teams
Explore More
Trending Topics
Anime
Disney
Kpop
Marvel
Crossword
NBA
Harry Potter
Song
Soccer
Pokémon
Country
Puzzle
WWE
The Office
NFL
hide this ad
More By:
sharkboy
Quiz
Plays
Rating
Category
Featured
Created
MLB 2015 Managers & Coaching Staffs
1,389
4.25
Sports
Mar 9, 2015
Kennedy Center Honors 1978-Present
661
5.00
Entertainment
Jun 19, 2015
NHL Top 200 Fantasy Players for 2015-16
430
4.00
Sports
Jul 22, 2015
The Last of Us grab bag
390
4.00
Gaming
Mar 11, 2015
Max Payne franchise characters
381
2.33
Gaming
Jul 29, 2012
Go to Creator's Profile
Score Distribution
Quiz Creator Spotlight
sharkboy
Follow
Send a Message
Quizzes Created
-
Created Quiz Play Count
-
More By This Creator
Popular Quizzes Today
1
Find the US States - No Outlines Minefield
2
Find the Countries of Europe - No Outlines Minefield
3
The Countries of the World
4
Find the US States
5
Risky Map Clicking: Biggest States A-Z
6
US States
7
Popular People in 1961
8
Movies - When Are They Set?
More Sports Quizzes
Auto Racers: British, German or French?
Curator's Pick
Trending Quizzes
Risky Map Clicking: Least Populous States A-Z
1-10 Letter G Words
USA Borders Longest to Shortest
1-10 Letter F Words
Countries of the World: 200 Million BC
Recently Updated
Leaping Animals
pecheneg
Reality TV Shows (A-Z)
bhenderson79
Rickey Henderson's Hall of Fame Teammates
pecheneg
Champions League XIs: Arsenal
pecheneg
Quick Pick: Celebrities in WWE's Hall of Fame
aduchscher
A-Z Keypad Blitz II
pecheneg
Multiple Oscar Actors
pecheneg
Mystery Phrase Blitz: Oscar 'Best Actors'
pecheneg
F. Scott Fitzgerald Novels
LTH
Pick 3 Villains
ddd62291
Trending Topics
Marvel
Crossword
Kpop
Disney
Harry Potter
NBA
Anime
Country
Puzzle
Pokémon
WWE
Song
Soccer
The Office
NFL
Your Account Isn't Verified!
In order to create a playlist on Sporcle, you need to verify the email address you used during registration. Go to your
Sporcle Settings
to finish the process.
Report this User
Report this user for behavior that violates our
Community Guidelines
.
Details:
Send Report
Go to the Sporcle.com Mobile Site →
Comments